MARC

LEADER 00000nam0a2200000 4500
001 118127
005 20231101215441.0
035 |a (RuTPU)RU\TPU\book\127844 
035 |a RU\TPU\book\334002 
090 |a 118127 
100 |a 20151105d1980 k y0rusy50 ca 
101 0 |a rus 
102 |a RU 
105 |a a z 001zy 
200 1 |a Теория передачи информации по каналам связи  |e [сборник трудов]  |f отв. ред. А. Н. Рохмистров 
210 |a Ленинград  |c Изд-во ЛЭИС  |d 1980 
215 |a 167 с.  |c ил. 
225 1 |a Труды учебных институтов связи 
320 |a Библиография в конце статей 
606 1 |a Информация  |x Передача по каналам связи  |2 stltpush  |3 (RuTPU)RU\TPU\subj\12993  |9 39683 
610 1 |a непрерывные случайные процессы 
610 1 |a марковские модели 
610 1 |a синтез 
610 1 |a модели полей 
610 1 |a решение задач 
610 1 |a стохастические дифференциальные уравнения 
610 1 |a многоканальные корреляционные системы 
610 1 |a обобщенный критерий Найквиста 
610 1 |a оптические сигналы 
610 1 |a позиционная импульсная манипуляция 
610 1 |a помехоустойчивость 
675 |a 621.391.3 .052  |v 4 
702 1 |a Рохмистров  |b А. Н.  |4 340 
801 1 |a RU  |b 63413507  |c 20070608  |g PSBO 
801 2 |a RU  |b 63413507  |c 20210427  |g PSBO 
942 |c BK